000 00876nam a2200277 a 4500
001 000081678
005 20200120224615.0
008 161124s2011 sp a|||gr|||| 000 ||spa d
020 _a9788467904123
041 0 _a*-spa
043 _ae-sp---
090 _aAH
_bREVD
100 1 _aReviati, Davide
245 1 0 _aMuertos de sueño /
_cDavide Reviati ; traducción, María Fernández.
250 _a1a. ed.
260 _aBarcelona :
_bNorma,
_c2011.
300 _a348 páginas :
_bilustraciones a blanco y negro.
490 0 _aNómadas
_v33
500 _aTítulo original: Morti di sonno
650 1 7 _aNiños en la literatura
_2LEMB
650 2 7 _aVacaciones en la literatura
_2LEMB
650 2 7 _aRecuerdos en la literatura
_2LEMB
650 2 7 _aTiras cómicas, historietas, etc.
_2LEMB
650 2 7 _aLiteratura adulto
_2LEMB
700 1 _aFernández, María,
_etraductora
999 _c10089
_d10089